| 000 | 01190cam a2200337Mc 4500 | ||
|---|---|---|---|
| 001 | ocn937779442 | ||
| 005 | 20180515145050.0 | ||
| 008 | 180515s2015 sp b 001 0 spa d | ||
| 015 | _aMON1601 | ||
| 017 |
_aB 24120-2015 _bOficina Depósito Legal Barcelona |
||
| 020 | _a9788498928693 | ||
| 020 | _a8498928699 | ||
| 029 | 0 |
_aBNM _ba5739317 |
|
| 029 | 1 |
_aESLEO _b.b18365012 |
|
| 035 | _a(OCoLC)937779442 | ||
| 040 |
_aCo-BoUCM _bspa _cSaul Niño _dSaul Niño |
||
| 041 | 1 |
_aspa _hger |
|
| 100 | 1 |
_aOsterhammel, Jürgen _992451 |
|
| 245 | 1 | 3 |
_aLa transformación del mundo _buna historia global del siglo XIX _cJurgen Osterhammel ; traducción castellana de Gonzalo García |
| 260 |
_aBarcelona _bCrítica _c2015 |
||
| 300 | _a1607 páginas | ||
| 490 | 0 | _aSerie Mayor | |
| 500 | _aEn caratula: "El Braudel del siglo XIX" Jonathan Sperber | ||
| 650 | 7 |
_aHistoria moderna _ySiglo XIX _916943 |
|
| 650 | 7 |
_aCivilización _xHistoria _928998 |
|
| 650 | 7 |
_aHistoria universal _916951 |
|
| 700 | 1 |
_aGonzalo García, castellana de _etraductor _992452 |
|
| 775 | _tVerwandlung der Welt | ||
| 942 |
_2DEWEY _a21 _cLIBRO _e1 _h909.81 _mO852t |
||
| 999 |
_c309671 _d309671 |
||